Josep Tarradellas i Joan president de la Generalitat de Catalunya i de la Diputació provincial de Barcelona
Publicado:
San Jorge, núm. 101 - 102 (setembre 1977), pàg 83 - 84 :
MARC
| LEADER | 00000nam a2200000Ia 4500 | ||
|---|---|---|---|
| 003 | AGDB | ||
| 005 | 20260324175954.0 | ||
| 008 | 160829s9999 xx 000 0 cat d | ||
| 245 | |a Josep Tarradellas i Joan president de la Generalitat de Catalunya i de la Diputació provincial de Barcelona | ||
| 260 | |a San Jorge, núm. 101 - 102 (setembre 1977), pàg 83 - 84 | ||
| 600 | 0 | |a Tarradellas, Josep, |d 1899-1988 |9 25479 | |
| 610 | 1 | 0 | |a Barcelona (Catalunya : Província). |b Diputació |x Presidents |9 52771 |
| 610 | 0 | |a Catalunya. |b Generalitat |x Presidents |9 53732 | |
| 651 | 0 | |a Catalunya |x Política i govern |y 1975-1980, Transició |9 53734 | |
| 651 | 0 | |a Catalunya |x Història |y 1975-1980, Transició |9 53733 | |
| 856 | 4 | 0 | |u https://bibliotecageneral.diba.cat/cgi-bin/koha/opac-retrieve-file.pl?id=32816490d273c300da8d99654b5c6368 |y Accés lliure |
| 901 | |a Arxiu | ||
| 942 | |n 1 |2 udc |c ART | ||
| 952 | |0 0 |1 0 |4 0 |7 1 |9 51081 |a Arxiu |b Arxiu |d 2016-12-01 |l 0 |r 2016-12-01 00:00:00 |w 2016-12-01 |y ARXIU | ||
| 999 | |c 54924 |d 54924 | ||